| 000 | 00682nam a22002057a 4500 | ||
|---|---|---|---|
| 999 |
_c9430 _d9430 |
||
| 003 | AR-CdUCM | ||
| 008 | 190328b ||||| |||| 00| 0 spa d | ||
| 040 |
_aMUNICIPALIDAD PROVINCIAL DEL CUSCO _cBIBLIOTECA MUNICIPAL DEL CUSCO |
||
| 082 |
_a869.33 / _bN44A / 1974 |
||
| 100 |
_aNeruda, Pablo _92359 |
||
| 245 | _aAntología poética de Pablo Neruda / | ||
| 260 |
_a[s.l] : _bEdición popular, _c1974. |
||
| 300 |
_a64 páginas ; _c16 cm. |
||
| 500 | _aDonación de la familia Nieto. Producción artesanal. | ||
| 650 |
_aPoesía chilena - Siglo XX _925612 |
||
| 650 |
_aPoetas chilenos _914365 |
||
| 650 |
_aPablo Neruda - Poemas _925613 |
||
| 942 |
_2ddc _cLIBROS |
||
| 945 | _alccs | ||